01027nam a2200301Ia 450000500170000000800410001702000150005802000180007304100080009108200170009910000200011624501130013625000180024930000570026753400370032465000300036165000450039165000500043665000310048670000270051794200120054426400310055633600270058733700330061433800280064704000350067599900150071020220317001906.0170410s2010 s a g 000 0 s  a8461102002 a9788461102006 aspa04a634.04bB87p1 aBurnett, Graham10aPermaculturabuna guía para principiantescGraham Burnett ; traducción Antonio Scotti ... [y otros tres] a3a. edición a72 páginasbilustraciones en blanco y negroc21 cm tPermacultura: a beginner's guide142LEMBaCultivosvTécnica142LEMBaHuertosvDiseño y construcción142LEMBaPlantasvCultivoxEnseñanza elemental142LEMBaAgriculturavGuías1 aScotti, Antonio978709 2ddccBK a[Madrid]bEcoHabitarc2010 atextobtxt2rdacontent asin mediaciónbn2rdamedia avolumenbnc2rdacarrier aCO-BoRNBPbspaerdacCO-BoRNBP c8442d8442